000 00259nam a2200097Ia 4500
001 769174
005 20250826165432.0
008 250824s9999 xx 000 0 und d
245 0 _aNASIL MÜSLÜMAN OLDULAR 1
_cM SİNAN ADALI
260 _bUĞUR BÖCEĞİ YAYINLARI
999 _c769174
_d769174